Guess the Melanie Martinez song - Statistics

General Stats
  • This quiz has been taken 3,786 times
  • The average score is 13 of 15
Answer Stats
Lyric Song % Correct
"They calling you cry-baby" Crybaby
99%
"We'll be a perfect family" Dollhouse
97%
"I'm not a piece of cake" Cake
95%
"It's my party and i'll cry if I want to" Pity Party
95%
"Blood still stains when the sheets are washed" Sippy Cup
93%
"Getting drunk with a blue catipillar" Mad Hatter
89%
"She's getting on my nerves" Pacify her
89%
"You already bought a ticket and there's no turning back" Carousel
87%
"You think your smarter than me with all your bad poetry" Alphabet boy
86%
"Throw a toaster in the tub" Soap
85%
"I'm loving everything you do" Training wheels
82%
"If you weren't born with it" Mrs. Potato Head
79%
"1, 2, Melatonin is coming for you" Milk and cookies
76%
"Looking at me through your window" Tag, your it
63%
"I'll shed a tear with your family" Dead to me
49%
No matching quizzes found
Score Distribution
Percent of People with Each Score
Percentile by Number Answered
Your Score History
You have not taken this quiz